Hunger Games - Associer les personnages à leur District - Statistiques

Statistiques générales
  • Ce quiz a été pris 454 fois
  • Le résultat moyen est 22 sur 31
Statistiques - réponses
Hint Réponse % Correct
Peeta District 12
91%
Coriolanus Snow Capitole
89%
Katniss District 12
89%
Gale District 12
88%
Primrose District 12
88%
Haymitch District 12
87%
Cinna Capitole
85%
Effie Capitole
83%
Caesar Capitole
83%
Rue District 11
83%
Lucy Gray District 12
83%
Tigris Capitole
79%
Plutarch Capitole
79%
Seneca Capitole
79%
Thresh District 11
78%
Finnick District 4
74%
Mags District 4
70%
Annie Cresta District 4
70%
Glimmer District 1
67%
Johanna District 7
66%
Gloss District 1
61%
Marvel District 1
59%
Clove District 2
58%
Cato District 2
54%
Cashmere District 1
53%
Wiress District 3
52%
Beetee District 3
52%
La Renarde District 5
51%
Alma District 13
50%
Enobaria District 2
47%
Brutus District 2
42%
Aucun quiz correspondant
Distribution des résultats
% des personnes avec chaque résultat
Percentile par nombre de réponses
Votre historique - résultats
Vous n’avez pas pris ce quiz